|
|
|
|
| LEADER |
00796 a2200205 4500 |
| 008 |
130619b xxu||||| |||| 00| 0 mal d |
| 020 |
|
|
|a 9788126430611
|
| 082 |
|
|
|a 823.8C1
|
| 100 |
|
|
|a Conrad, Joseph.
|
| 245 |
|
|
|a Secret agent = The Secret agent:a simple tale/
|c Joseph Conrad ;retold by Vattappara Sasi and edited by P.K.Rajasekharan.
|
| 260 |
|
|
|a Kottayam:
|b D C Books,
|c 2011.
|
| 300 |
|
|
|a 151p.:
|c 21 cm.
|
| 546 |
|
|
|a In Malayalam.
|
| 650 |
|
|
|a English Fiction.
|
| 700 |
|
|
|a Rajasekharan,P.K.
|e Editor.
|
| 700 |
|
|
|a Sasi,Vattappara
|e Translator.
|
| 942 |
|
|
|c BK
|
| 600 |
|
|
|a Conrad,Joseph
|d 1857-1924.
|
| 999 |
|
|
|c 99679
|d 99679
|
| 952 |
|
|
|0 0
|1 0
|4 0
|6 823_000000000000000_8C1_SEC_M
|7 0
|9 99105
|a UL
|b UL
|c ST1
|d 2013-01-31
|e 2
|g 56.00
|l 7
|m 1
|o 823.8C1 SEC M
|p 88515
|q 2022-01-15
|r 2021-11-30
|s 2021-11-30
|v 80.00
|y BK
|